La verdadera Alemania /
En este libro se presenta una visión de Alemania, en 1937, dos años antes de que iniciara la Segunda Guerra Mundial.
محفوظ في:
| المؤلف الرئيسي: | |
|---|---|
| التنسيق: | كتاب |
| اللغة: | الإسبانية |
| الموضوعات: | |
| الوسوم: |
لا توجد وسوم, كن أول من يضع وسما على هذه التسجيلة!
|
MARC
| LEADER | 00000nam^a2200000^a^4500 | ||
|---|---|---|---|
| 001 | 000133453 | ||
| 005 | 20250521000000.0 | ||
| 009 | 20260310095132.865 | ||
| 037 | |a Acervo ITESO - Biblioteca | ||
| 041 | |a ESP | ||
| 082 | |a 943. 086 |b MAR | ||
| 100 | |a Márquez Petricioli, Alfonso |e (autor) | ||
| 245 | 1 | 3 | |a La verdadera Alemania / |c A. Márquez Petricioli. |
| 264 | |a México : |b edición de autor, |c 1937 | ||
| 300 | |a 28 p. | ||
| 336 | |a texto |b txt |2 rdacontenido | ||
| 337 | |a sin mediación |b n |2 rdamedio | ||
| 338 | |a volumen |b nc |2 rdasoporte | ||
| 520 | |a En este libro se presenta una visión de Alemania, en 1937, dos años antes de que iniciara la Segunda Guerra Mundial. | ||
| 649 | |a XX | ||
| 650 | |a Alemania - |x Descripción | ||
| 650 | |a Alemania - |x Condiciones Sociales y Culturales | ||
| 650 | |a Alemania - |x Condiciones Políticas | ||
| 650 | |a Alemania - |x Historia - |y Tercer Reich, 1933-1945 | ||
| 650 | |a Alemania - |x Historia - |y Siglo XX | ||
| 910 | |a Fondo Salvador Reynoso Reynoso | ||
| 920 | |a Impresos - Libros | ||
| 930 | |a Fondos Especiales | ||
| 905 | |a 112 | ||
| 901 | |a 0800012838 |b IT2 |c ESP |u 20250521 | ||
| 902 | |a https://opac.biblio.iteso.mx/vufind/Record/000133453 | ||